[Event "Medellin Flores op 30th"]
[Site "Medellin"]
[Date "2023.08.03"]
[Round "1"]
[White "Giraldo Arcila, Nelson Argiro"]
[Black "Hoyos Campuzano, Efrain"]
[Result "0-1"]
[WhiteElo "1564"]
[BlackElo "1691"]
[PlyCount "55"]
[EventDate "2023.08.03"]
[EventType "swiss"]
[EventRounds "9"]
[EventCountry "COL"]
[SourceTitle "EXT 2024"]
[Source "ChessBase"]
[SourceDate "2023.10.10"]
[SourceVersion "1"]
[SourceVersionDate "2023.10.10"]
[SourceQuality "1"]

1. e4 d5 2. exd5 Qxd5 3. Nc3 Qa5 4. Bb5+ c6 5. Bc4 Nf6 6. Nf3 Bg4 7. Be2 Nbd7 8. 0-0 0-0-0 9. d3 e5 10. Bd2 Qc7 11. Ng5 Bxe2 12. Qxe2 Nb6 13. Rfe1 Bd6 14. a4 h6 15. Nf3 Rhe8 16. a5 Nbd5 17. Nxd5 cxd5 18. a6 b6 19. Rac1 e4 20. dxe4 dxe4 21. Nh4 Bxh2+ 22. Kh1 Be5 23. c3 g5 24. Nf5 Qd7 25. Qc4+ Kb8 26. Rcd1 Qxf5 27. Qxf7 Rd7 28. Qc4 0-1

[Event "Medellin Easter op 11th"]
[Site "Medellin"]
[Date "2023.04.07"]
[Round "4"]
[White "Carrillo Montes, Isabela"]
[Black "Hoyos Campuzano, Efrain"]
[Result "0-1"]
[WhiteElo "1331"]
[BlackElo "1756"]
[PlyCount "60"]
[EventDate "2023.04.05"]
[EventType "swiss"]
[EventRounds "7"]
[EventCountry "COL"]
[SourceTitle "CBM 213 Extra"]
[Source "ChessBase"]
[SourceDate "2023.05.31"]
[SourceVersion "1"]
[SourceVersionDate "2023.05.31"]
[SourceQuality "1"]

1. c4 e5 2. g3 c6 3. Bg2 Bc5 4. e3 Nf6 5. Ne2 0-0 6. Nbc3 d5 7. cxd5 cxd5 8. 0-0 d4 9. Ne4 Nxe4 10. Bxe4 f5 11. Qb3+ Kh8 12. Bg2 d3 13. Nc3 Nc6 14. a3 e4 15. Qd1 a5 16. f3 exf3 17. Bxf3 f4 18. Ne4 Ba7 19. Kg2 fxe3 20. dxe3 Be6 21. Bd2 Ne5 22. Kg1 Nxf3+ 23. Rxf3 Bd5 24. Rxf8+ Qxf8 25. Ng5 Qe7 26. Qh5 Bxe3+ 27. Bxe3 Qxe3+ 28. Kf1 Rf8+ 29. Nf3 Rxf3+ 30. Kg2 Rf5+ 0-1

[Event "COL-ch Amateur"]
[Site "San Andres Islas"]
[Date "2013.03.16"]
[Round "6"]
[White "Guarin, Daniela"]
[Black "Hoyos Campuzano, Efrain"]
[Result "1/2-1/2"]
[WhiteElo "1979"]
[BlackElo "1853"]
[PlyCount "27"]
[EventDate "2013.03.13"]
[EventType "swiss"]
[EventRounds "9"]
[EventCountry "COL"]
[SourceTitle "CBM 153 Extra"]
[Source "ChessBase"]
[SourceDate "2013.04.22"]
[SourceVersion "1"]
[SourceVersionDate "2013.04.22"]
[SourceQuality "1"]

1. e4 c6 2. d4 d5 3. Nd2 dxe4 4. Nxe4 Nf6 5. Ng3 e6 6. Nf3 Bd6 7. Bd3 b6 8. c3 Qc7 9. Ne4 Nxe4 10. Bxe4 Ba6 11. Bd3 Bxd3 12. Qxd3 Nd7 13. Be3 Rd8 14. h3 1/2-1/2

[Event "COL-ch Amateur"]
[Site "San Andres Islas"]
[Date "2013.03.15"]
[Round "5"]
[White "Hoyos Campuzano, Efrain"]
[Black "Restrepo, Hugo"]
[Result "1-0"]
[WhiteElo "1853"]
[BlackElo "1726"]
[PlyCount "39"]
[EventDate "2013.03.13"]
[EventType "swiss"]
[EventRounds "9"]
[EventCountry "COL"]
[SourceTitle "CBM 153 Extra"]
[Source "ChessBase"]
[SourceDate "2013.04.22"]
[SourceVersion "1"]
[SourceVersionDate "2013.04.22"]
[SourceQuality "1"]

1. e4 c5 2. Nf3 Nc6 3. c3 Nf6 4. e5 Nd5 5. Bc4 e6 6. a4 d6 7. d4 Nb6 8. Bb5 cxd4 9. cxd4 Bd7 10. Nc3 a6 11. Bd3 Nb4 12. Bb1 Be7 13. Bf4 N6d5 14. Bg3 Bc6 15. Ne4 dxe5 16. Nxe5 0-0 17. b3 h6 18. 0-0 Nf6 19. Nxf6+ Bxf6 20. Qe2 1-0

[Event "Bogota McGregor op 3rd"]
[Site "Bogota"]
[Date "2012.12.16"]
[Round "8"]
[White "Hoyos Campuzano, Efrain"]
[Black "Moreno Lozano, Esteban"]
[Result "0-1"]
[WhiteElo "1920"]
[BlackElo "1626"]
[PlyCount "48"]
[EventDate "2012.12.12"]
[EventType "swiss"]
[EventRounds "9"]
[EventCountry "COL"]
[SourceTitle "EXT 2014"]
[Source "ChessBase"]
[SourceDate "2013.11.20"]
[SourceVersion "1"]
[SourceVersionDate "2013.11.20"]
[SourceQuality "1"]

1. e4 c5 2. Nf3 Nc6 3. d4 cxd4 4. Nxd4 e5 5. Nb5 a6 6. Nd6+ Bxd6 7. Qxd6 Qf6 8. Qc5 Qg6 9. Nc3 Nge7 10. Nd5 Qxe4+ 11. Ne3 0-0 12. Bd2 Qd4 13. Qa3 b5 14. Bxb5 Bb7 15. Be2 Nd5 16. Bd3 e4 17. Be2 Nf4 18. Bg4 h5 19. Bd1 Qf6 20. 0-0 Nd4 21. g3 Nde2+ 22. Bxe2 Nxe2+ 23. Kh1 Qf3+ 24. Ng2 e3 0-1

[Event "Medellin Cuartas Memorial"]
[Site "Medellin"]
[Date "2011.08.06"]
[Round "5"]
[White "Hoyos Campuzano, Efrain"]
[Black "Castaneda, Jorge Luis"]
[Result "0-1"]
[WhiteElo "1928"]
[BlackElo "2120"]
[PlyCount "62"]
[EventDate "2011.08.03"]
[EventType "swiss"]
[EventRounds "8"]
[EventCountry "COL"]
[SourceTitle "CBM 144 Extra"]
[Source "ChessBase"]
[SourceDate "2011.10.28"]
[SourceVersion "1"]
[SourceVersionDate "2011.10.28"]
[SourceQuality "1"]

1. e4 c6 2. d4 d5 3. e5 c5 4. c3 Nc6 5. f4 cxd4 6. cxd4 Bf5 7. a3 e6 8. b4 Nh6 9. Be2 Rc8 10. Be3 Be4 11. Nf3 Nf5 12. Bf2 h5 13. b5 Bxf3 14. Bxf3 Qa5+ 15. Nd2 Ncxd4 16. 0-0 Nxf3+ 17. Nxf3 Bc5 18. Qb3 0-0 19. Kh1 Bxf2 20. Rxf2 Qc3 21. Qd1 Qe3 22. Rf1 Qxf4 23. Rb1 Ne3 24. Qd2 Rc2 25. Qd4 Qxd4 26. Nxd4 Nxf1 27. Nxc2 Nd2 28. Rd1 Nc4 29. Rc1 Nxe5 30. Ne3 Nc4 31. Nxc4 Rc8 0-1

[Event "Medellin Cuartas Memorial"]
[Site "Medellin"]
[Date "2011.08.05"]
[Round "4"]
[White "Kostov, Alexander"]
[Black "Hoyos Campuzano, Efrain"]
[Result "0-1"]
[WhiteElo "2113"]
[BlackElo "1928"]
[PlyCount "64"]
[EventDate "2011.08.03"]
[EventType "swiss"]
[EventRounds "8"]
[EventCountry "COL"]
[SourceTitle "CBM 144 Extra"]
[Source "ChessBase"]
[SourceDate "2011.10.28"]
[SourceVersion "1"]
[SourceVersionDate "2011.10.28"]
[SourceQuality "1"]

1. e4 e6 2. d4 d5 3. Nd2 Nf6 4. e5 Nfd7 5. Bd3 c5 6. c3 Nc6 7. Ne2 Qb6 8. Nf3 cxd4 9. cxd4 Bb4+ 10. Kf1 0-0 11. Ng5 g6 12. Nf4 Be7 13. Nxh7 Qxd4 14. Be3 Qxe5 15. Nxf8 Bxf8 16. h4 Bc5 17. Nxg6 fxg6 18. Qg4 Bxe3 19. Qxg6+ Qg7 20. Qxe6+ Kh8 21. Qxe3 Nde5 22. Re1 Bd7 23. h5 Re8 24. Bb1 Qf6 25. Qb3 Nd4 26. Qxd5 Bb5+ 27. Kg1 Nef3+ 28. gxf3 Rxe1+ 29. Kg2 Rxh1 30. Kxh1 Bc6 31. Qc4 Qxf3+ 32. Kh2 Qg2# 0-1

[Event "Medellin Experts 17th"]
[Site "Medellin"]
[Date "2010.08.05"]
[Round "3.1"]
[White "Reyes Rios, Juan Camilo"]
[Black "Hoyos Campuzano, Efrain"]
[Result "1-0"]
[WhiteElo "1996"]
[BlackElo "1957"]
[PlyCount "81"]
[EventDate "2010.08.04"]
[EventType "swiss"]
[EventRounds "9"]
[EventCountry "COL"]
[SourceTitle "EXT 2024"]
[Source "ChessBase"]
[SourceDate "2023.10.10"]
[SourceVersion "1"]
[SourceVersionDate "2023.10.10"]
[SourceQuality "1"]

1. e4 e6 2. d3 d5 3. Nd2 Bc5 4. g3 c6 5. Bg2 Ne7 6. Ngf3 0-0 7. 0-0 Ng6 8. h4 Qc7 9. h5 Ne7 10. h6 g6 11. b3 Bb6 12. Ba3 Re8 13. d4 Nd7 14. Bb2 dxe4 15. Nxe4 Nf5 16. Ne5 Qd8 17. Nxd7 Bxd7 18. d5 e5 19. c4 Bd4 20. Bxd4 Nxd4 21. Nd6 Rf8 22. c5 Rb8 23. Re1 f6 24. Qd3 Qa5 25. Qc4 Qa6 26. Qxa6 bxa6 27. Rad1 Bg4 28. Rxd4 exd4 29. dxc6 d3 30. Bd5+ Kh8 31. f3 Bf5 32. g4 Bc8 33. Kf2 a5 34. c7 Rb4 35. Ke3 Ba6 36. a3 Rb5 37. Nxb5 Bxb5 38. Kd2 Rc8 39. Re7 a4 40. bxa4 Bxa4 41. Be6 1-0